| 000 | 00556nam a2200181 i 4500 | ||
|---|---|---|---|
| 001 | 47337 | ||
| 003 | ES-MaACL | ||
| 005 | 20250522203622.0 | ||
| 007 | t| | ||
| 008 | 030407s1965 sp ||||1| cat d | ||
| 100 | 1 |
_aCoqueret, André. _940433 |
|
| 245 | 1 | 0 |
_aCom es dirigeix una reunió / _cAndré Coqueret ; traductor Ramáon Folch i Camarasa. |
| 260 |
_aBarcelona : _bNova Terra, _c1965. |
||
| 300 |
_a67 p. : _bil. ; _c21 cm. |
||
| 700 | 1 |
_aFolch i Camarasa, Ramon, _d1926- _951450 |
|
| 852 |
_aES-MaACL _jC-30317 _bR.55857 |
||
| 999 |
_c47337 _d47337 |
||